Online katalóg knižníc regiónu Turca

Danka a Janka (Record no. 21250)

MARC details
000 -LEADER
fixed length control field 01604nam a2200457 4500
001 - CONTROL NUMBER
control field 21250
003 - CONTROL NUMBER IDENTIFIER
control field VRT
005 - DATE AND TIME OF LATEST TRANSACTION
control field 20260225145945.0
008 - FIXED-LENGTH DATA ELEMENTS--GENERAL INFORMATION
fixed length control field 231103s2023 xo a br 000 j slo
015 ## - NATIONAL BIBLIOGRAPHY NUMBER
National bibliography number SNBA2023/11
020 ## - INTERNATIONAL STANDARD BOOK NUMBER
International Standard Book Number 9788010042838
Qualifying information (viazané)
039 #9 - LEVEL OF BIBLIOGRAPHIC CONTROL AND CODING DETAIL [OBSOLETE]
Level of rules in bibliographic description 202311141010
Level of effort used to assign nonsubject heading access points msnk24
040 ## - CATALOGING SOURCE
Original cataloging agency SNK
Language of cataloging slo
Transcribing agency SNK
Description conventions rda
041 0# - LANGUAGE CODE
Language code of text/sound track or separate title slo
044 ## - COUNTRY OF PUBLISHING/PRODUCING ENTITY CODE
MARC country code xo
ISO country code SK
072 #7 - SUBJECT CATEGORY CODE
Subject category code 821.162.4-3
Subject category code subdivision Slovenská próza
Source konspekt
072 #7 - SUBJECT CATEGORY CODE
Subject category code 821-93
Subject category code subdivision Literatúra pre deti a mládež (beletria)
Source konspekt
080 ## - UNIVERSAL DECIMAL CLASSIFICATION NUMBER
Universal Decimal Classification number 821.162.4-34
Edition identifier 2011
080 ## - UNIVERSAL DECIMAL CLASSIFICATION NUMBER
Universal Decimal Classification number 82-34:808.1
Edition identifier 2011
080 ## - UNIVERSAL DECIMAL CLASSIFICATION NUMBER
Universal Decimal Classification number 82-93-053.4/.5
Edition identifier 2011
100 1# - MAIN ENTRY--PERSONAL NAME
Personal name Ďuríčková, Mária,
Dates associated with a name 1919-2004
Relationship aut
245 10 - TITLE STATEMENT
Title Danka a Janka
Remainder of title Danka a Janka v rozprávke
Statement of responsibility, etc. Mária Ďuríčková ; ilustrovala Božena Plocháňová
246 30 - VARYING FORM OF TITLE
Title proper/short title Danka a Janka v rozprávke
250 ## - EDITION STATEMENT
Edition statement 14. vydanie
264 #1 - PRODUCTION, PUBLICATION, DISTRIBUTION, MANUFACTURE, AND COPYRIGHT NOTICE
Place of production, publication, distribution, manufacture Bratislava
Name of producer, publisher, distributor, manufacturer SPN - Mladé letá
Date of production, publication, distribution, manufacture, or copyright notice 2023
300 ## - PHYSICAL DESCRIPTION
Extent 85 strán
Other physical details farebné ilustrácie
Dimensions 24 cm
336 ## - CONTENT TYPE
Content type term text
Content type code txt
Source rdacontent
337 ## - MEDIA TYPE
Media type term bez média
Media type code n
Source rdamedia
338 ## - CARRIER TYPE
Carrier type term zväzok
Carrier type code nc
Source rdacarrier
655 #7 - INDEX TERM--GENRE/FORM
Genre/form data or focus term slovenské rozprávky
Source of term SNKPH
655 #7 - INDEX TERM--GENRE/FORM
Genre/form data or focus term autorské rozprávky
Source of term SNKPH
655 #7 - INDEX TERM--GENRE/FORM
Genre/form data or focus term Slovak fairy tales
Source of term SNKPHeng
655 #7 - INDEX TERM--GENRE/FORM
Genre/form data or focus term Author fairy tales
Source of term SNKPHeng
655 #7 - INDEX TERM--GENRE/FORM
Genre/form data or focus term literatúra pre deti
Source of term SNKPH
655 #7 - INDEX TERM--GENRE/FORM
Genre/form data or focus term Children's literature
Source of term SNKPHeng
700 1# - ADDED ENTRY--PERSONAL NAME
Personal name Plocháňová, Božena,
Dates associated with a name 1929-2020
Relationship ill
942 ## - ADDED ENTRY ELEMENTS (KOHA)
Source of classification or shelving scheme Dewey Decimal Classification
Koha item type Krásna literatúra pre deti
Suppress in OPAC No
949 ## - LOCAL PROCESSING INFORMATION (OCLC)
6 17A1538544
a snkSC 204050
b snk2023/15868
o 1541/2023
949 ## - LOCAL PROCESSING INFORMATION (OCLC)
6 17A1538545
a snkSC 204050 D1
b snk2023/15869
o 1541/2023
Holdings
Stav vyradenia Strata Poškodenie Spôsob nadobudnutia Domovská knižnica Aktuálna knižnica Dátum nadobudnutia Total checkouts Čiarový kód exemplára Date last seen Typ exemplára
      Dar Obecná knižnica Turčianska Štiavnička Obecná knižnica Turčianska Štiavnička 25.02.2026   4738000026 25.02.2026 Krásna literatúra pre deti
Projekt je podporený Slovenskou asociáciou knižníc
Prevádzkuje Turčianska knižnica Martin 2026